| 000 | 00494nam a2200181Ia 4500 | ||
|---|---|---|---|
| 008 | 220204s9999 xx 000 0 und d | ||
| 020 | _a9789380235189 | ||
| 082 |
_a579(035) _bROY |
||
| 100 | _aPrasad, M M | ||
| 245 | 0 | _aLaboratory manual of microbiology | |
| 260 |
_aNew Delhi _bNew India Publishing Agency _c2010 |
||
| 490 | _aPractical manual series-5 | ||
| 650 | _aBody fluids culture | ||
| 650 | _aMicrobial growth | ||
| 650 | _aMicroorganisms | ||
| 700 | _aRoy, A K | ||
| 942 | _cBK | ||
| 999 |
_c42998 _d42998 |
||